000
00322nam a2200133Ia 4500
005
20260328104344.0
008
260328s9999||||xx |||||||||||||| ||und||
100
_a
Rojas, Edward
245
0
_a
Una Bandada de Ángeles /
_c
Edward Rojas
260
_b
Zuramérica
300
_a
149 p.
650
_a
ARQUITECTOS
942
_c
BK
999
_c
12257
_d
12257